[Event "GER-chT U20 Girls"]
[Site "Magdeburg"]
[Date "2023.12.30"]
[Round "7.10"]
[White "Stauch, Amelie"]
[Black "Foltin, Alica"]
[Result "0-1"]
[WhiteElo "910"]
[BlackElo "1744"]
[PlyCount "34"]
[EventDate "2023.12.26"]
[EventType "team-swiss"]
[EventRounds "7"]
[EventCountry "GER"]
[SourceTitle "CB03_2024"]
[SourceDate "2024.01.17"]
[SourceVersion "1"]
[SourceVersionDate "2024.01.17"]
[SourceQuality "1"]
[WhiteTeam "Eintracht Tangerhuette"]
[BlackTeam "Erkenschwick"]
[WhiteTeamCountry "GER"]
[BlackTeamCountry "GER"]

1. b4 e5 2. Bb2 Bxb4 3. Bxe5 Nf6 4. Nf3 Nc6 5. Bb2 0-0 6. e3 d5 7. c4 Re8 8. h3 d4 9. Qb3 dxe3 10. fxe3 Qd6 11. Bc3 Bxc3 12. Nxc3 Qg3+ 13. Ke2 Rb8 14. a4 Bf5 15. Nd1 Rbd8 16. Ra2 Nb4 17. Qxb4 Bd3# 0-1